000
00223 a2200097 4500
001
7730
100
_a
Carslans, H.S
245
_a
Introduction to fouriers series and anlegrals
260
_a
_b
Dover
_c
090
_c
6187
_d
6187
942
_a
NUST-CAE
_c
M
_c
32697
999
_c
242803
_d
242803